Kontrola nákladov a kalkulácia zbierka príkladov

Bibliographic Details
Main Authors: Štubňová, Ľudmila, 1934- (Author), Soukupová, Božena, 1938- (Author), Mázik, Ján, 1949- (Author), Farkaš, Richard (Author)
Format: Book
Language:Slovak
PhysicalDescription:320 s. grafy, tab. 29 cm
Published: Bratislava Vysoká škola ekonomická 1985
Edition:1. vyd.
Subjects:

MARC

LEADER 00000nam a2200000 a 4500
001 vtls001086718
003 SK-MaSNL
005 20260301062339.0
008 180814s1985 xo 0 slo
015 |a SNBA1986/01 
035 |a SNK000029558 
040 |a SNK  |b slo  |c SNK  |e AACR2 
041 0 |a slo 
044 |a xo  |c SK 
080 |a 657.47(075.8)(076.5)  |2 1981 
245 0 0 |a Kontrola nákladov a kalkulácia  |b zbierka príkladov  |c Ľudmila Štubňová, Božena Soukupová, Ján Mázik, R. Farkaš 
250 |a 1. vyd. 
260 |a Bratislava  |b Vysoká škola ekonomická  |c 1985  |e Bratislava  |f Edičné stredisko VŠE 
300 |a 320 s.  |b grafy, tab.  |c 29 cm 
366 |e 400 výtl. 
500 |a Vysokoškolské skriptá 
650 0 7 |a náklady  |2 SNKPH  |9 2318 
650 0 7 |a kalkulácie nákladov  |2 SNKPH  |9 2321 
655 7 |a učebnice vysokých škôl  |2 SNKPH  |9 70191 
655 7 |a zbierky príkladov  |2 SNKPH  |9 280390 
700 1 |a Štubňová, Ľudmila,  |d 1934-  |4 aut  |9 244664 
700 1 |a Soukupová, Božena,  |d 1938-  |4 aut  |9 39562 
700 1 |a Mázik, Ján,  |d 1949-  |4 aut  |9 49214 
700 1 |a Farkaš, Richard  |4 aut  |9 207290 
810 2 |a Vysoká škola ekonomická v Bratislave  |t Vysokoškolské skriptá  |9 222320 
958 |a OND 
958 |a TL 
958 |a UV 
999 |c 620321  |d 622251 
952 |a SNK  |b SNK  |y PREZ  |7 0  |p 17A0805427  |o snkSB 39719   |0 0  |1 0  |4 0  |d 2012-04-19  |l 0  |r 2025-04-24 00:00:00  |w 2026-02-23 
952 |t P60, <04>, [BOOK], {604}  |a SNK  |b SNK  |y VYP  |7 0  |p 17A0127486  |o snkSB 39719 D1  |0 0  |1 0  |4 0  |d 1998-03-07  |l 0  |r 2004-12-31 00:00:00  |w 2026-02-23